000 00986cam a22002174a 4500
005 20250605164215.0
008 250528s ||||||||||||||||||||||||d
035 _a20454
020 _a155837869
040 _aGR-AtMCL
_bgre
_dGR-AtMCL
_eAACR2
245 1 _aStory and Structure / Fifht Edition
250 _a5th
260 _bHarcourt Brace Jovanovich, Publishers,
_c1978
300 _a550
505 0 _aPreface, The Elements of the Short Story, Escape and Interpretation, Plot, Character, Theme, Point of View, Symbol and Irony, Emotion and Humor, Fantasy, The Scale of Value, Stories for Further Reading, Glossary of Fictional Terms.
520 _aPreface, The Elements of the Short Story, Escape and Interpretation, Plot, Character, Theme, Point of View, Symbol and Irony, Emotion and Humor, Fantasy, The Scale of Value, Stories for Further Reading, Glossary of Fictional Terms.
700 1 _aPerrine Laurence
_96442
942 _cBK
999 _c5558
_d5558